[Event "HUN-ch U10/14"]
[Site "Buek"]
[Date "2023.06.25"]
[Round "9"]
[White "Matyassy, Lazar"]
[Black "Varga, Boldizsar"]
[Result "1-0"]
[WhiteElo "2273"]
[BlackElo "1992"]
[PlyCount "67"]
[EventDate "2023.06.17"]
[EventType "swiss"]
[EventRounds "9"]
[EventCountry "HUN"]
[SourceTitle "CBM 215 Extra"]
[Source "ChessBase"]
[SourceDate "2023.09.30"]
[SourceVersion "1"]
[SourceVersionDate "2023.09.30"]
[SourceQuality "1"]

1. e4 c6 2. d4 d5 3. e5 Bf5 4. Nd2 e6 5. Nb3 Nd7 6. Nf3 a6 7. c3 c5 8. dxc5 Bxc5 9. Nxc5 Nxc5 10. Be3 Rc8 11. Bxc5 Rxc5 12. Be2 Ne7 13. Nd4 0-0 14. 0-0 Qb8 15. f4 b5 16. Qd2 Rfc8 17. Nxf5 Nxf5 18. Bd3 Qb6 19. Kh1 d4 20. Bxf5 dxc3 21. Bxh7+ Kxh7 22. bxc3 Rxc3 23. Qe2 g6 24. Rad1 Qb7 25. Qg4 Qe7 26. h3 a5 27. Kh2 Rc2 28. Rd3 Rxa2 29. Rfd1 Rcc2 30. Rg3 Kg7 31. Rd6 Ra1 32. f5 exf5 33. Rxg6+ fxg6 34. Qxg6+ 1-0

[Event "Budapest Vezerkepzo IM 12"]
[Site "Budapest"]
[Date "2022.12.23"]
[Round "9"]
[White "Matyassy, Lazar"]
[Black "Sahithi Varshini, M."]
[Result "1/2-1/2"]
[WhiteElo "2249"]
[BlackElo "2187"]
[PlyCount "187"]
[EventDate "2022.12.14"]
[EventType "tourn"]
[EventRounds "9"]
[EventCountry "HUN"]
[SourceTitle "CBM 211 Extra"]
[Source "ChessBase"]
[SourceDate "2023.01.31"]
[SourceVersion "1"]
[SourceVersionDate "2023.01.31"]
[SourceQuality "1"]

1. e4 c5 2. Nf3 Nc6 3. d4 cxd4 4. Nxd4 Nf6 5. Nc3 e5 6. Ndb5 d6 7. Bg5 a6 8. Na3 b5 9. Bxf6 gxf6 10. Nd5 f5 11. g3 fxe4 12. Bg2 Bg7 13. Bxe4 Be6 14. Qh5 Rc8 15. c3 Ne7 16. Rd1 Rc5 17. Nxe7 Qxe7 18. Nc2 d5 19. Bf5 Bxf5 20. Qxf5 Qe6 21. Ne3 0-0 22. 0-0 Re8 23. Rfe1 a5 24. Qf3 Rd8 25. Nf5 Re8 26. Qe3 d4 27. Qg5 Qf6 28. Qxf6 Bxf6 29. Nxd4 a4 30. a3 Rd8 31. Nf5 Rcd5 32. Rxd5 Rxd5 33. Re4 Rc5 34. h4 Kf8 35. Kf1 Bd8 36. Ke2 f6 37. Rg4 Rc7 38. Rb4 Rc5 39. Nd6 Be7 40. Nf5 Kf7 41. Nxe7 Kxe7 42. Rg4 Kf7 43. h5 f5 44. Rg5 Kf6 45. Rg8 Kf7 46. Rb8 Kg7 47. Rb6 Rd5 48. Rc6 e4 49. Rb6 h6 50. Re6 Kh7 51. Re7+ Kg8 52. Rc7 Kf8 53. Ra7 Kg8 54. Ra5 Rc5 55. Ke3 Rd5 56. c4 Rd3+ 57. Ke2 bxc4 58. Rxa4 c3 59. bxc3 Rxc3 60. Ra5 Rf3 61. a4 Kg7 62. Ra6 Ra3 63. a5 Ra2+ 64. Kf1 Ra1+ 65. Kg2 Ra2 66. Rg6+ Kh7 67. a6 e3 68. Re6 Rxf2+ 69. Kg1 Ra2 70. Re7+ Kg8 71. a7 Ra1+ 72. Kg2 e2 73. Rxe2 Rxa7 74. Re5 f4 75. gxf4 Ra3 76. Re6 Kg7 77. Rg6+ Kh7 78. Rg3 Ra5 79. Rh3 Kg7 80. Kg3 Kf6 81. Kg4 Ra1 82. Rb3 Rg1+ 83. Rg3 Rf1 84. Rg2 Rh1 85. Ra2 Rg1+ 86. Kf3 Rf1+ 87. Kg3 Rg1+ 88. Kh2 Rg4 89. Ra6+ Kg7 90. f5 Rh4+ 91. Kg3 Rxh5 92. Kf4 Rh1 93. Rg6+ Kf7 94. Ra6 1/2-1/2

[Event "Budapest Vezerkepzo IM 12"]
[Site "Budapest"]
[Date "2022.12.14"]
[Round "1"]
[White "Neverov, Valeriy"]
[Black "Matyassy, Lazar"]
[Result "1-0"]
[WhiteElo "2393"]
[BlackElo "2249"]
[PlyCount "81"]
[EventDate "2022.12.14"]
[EventType "tourn"]
[EventRounds "9"]
[EventCountry "HUN"]
[SourceTitle "CBM 211 Extra"]
[Source "ChessBase"]
[SourceDate "2023.01.31"]
[SourceVersion "1"]
[SourceVersionDate "2023.01.31"]
[SourceQuality "1"]

1. b3 g6 2. Bb2 Nf6 3. Bxf6 exf6 4. g3 Bg7 5. Bg2 d5 6. d4 0-0 7. e3 a5 8. Ne2 a4 9. Nbc3 axb3 10. axb3 Rxa1 11. Qxa1 c6 12. 0-0 Re8 13. Na4 Bf5 14. Rc1 Na6 15. c4 Be4 16. Nac3 Nb4 17. Qa7 Qd7 18. Ra1 Nc2 19. Rc1 Nb4 20. Ra1 Nc2 21. Rf1 Bxg2 22. Kxg2 Qf5 23. cxd5 cxd5 24. Nf4 Rxe3 25. fxe3 Nxe3+ 26. Kf2 Nxf1 27. Ncxd5 Qb1 28. Ne7+ Kf8 29. Qb8+ Kxe7 30. Qc7+ Ke8 31. Qc8+ Ke7 32. Nd5+ Kd6 33. Qd8+ Kc6 34. Ne7+ Kb5 35. Qd7+ Kb4 36. Qxb7+ Kc3 37. Qf3+ Kxd4 38. Nc6+ Kc5 39. Qc3+ Kb6 40. Nd4 Qe4 41. Qb4+ 1-0